000 01865nam a2200421 c 4500
003 BLK
005 20230105152941.0
008 180410b bul|||||r ||||||| ||bul||
010 _aKNG00161928000
020 _a978-954-8898-23-2
_bиздат.: Асеневци
040 _aBLK
041 _aBUL
_cBUL
072 7 _2bullib
_aН15
_xПсихология Н
080 _a
_b159.953/.955
_x(035)
_z159.953/.955(035)
080 _aХипноза. Сугестия. - Хипнотизиране, внушение, самовнушение, автосугестия
_b159.962
_x(035)
_z159.962(035)
100 1 _aМюлер, Станислав
_eпърви автор
_9321596
700 1 _aЦолова, Таня
_eпрев. от рус.
_9377983
139 _aМюлер, Станислав
_bМ 98
245 1 0 _aОтключи ума си: стани гений!
_bТехнологии за супермислене и суперпамет
_cСтанислав Мюлер; прев. от рус. Таня Цолова.
257 _aRUS
260 с. Беляковец, Великотърновско
_bАсеневци
_c2012
300 _a176 с.
_c22 см
380 _a1
500 _aОриг. загл. Разблокируй свой ум: стань гением! / Ст. Мюллер. - Съдържа и за авт.
650 4 _aПамет - наръчници и ръководства
_9242264
650 4 _aМислене - наръчници и ръководства
_9242265
650 4 _aИнтелект
_9157292
653 _aпамет
653 _aмислене
653 _aинтелект
653 _aсамовнушение
659 _aН
852 _aЦб 269305
856 4 _qpdf
_u
856 4 _qpdf
_u
942 _cKNG
_n0
_017
944 _aCR
_c11.06.2014
_lф /
_kЛюдмила_Стоянова
944 _aED
_c24.01.2018
_lф /
_kЛюдмила_Стоянова
999 _c155254
_d155254